[Event "Titled Tuesday intern op 06th May Early"]
[Site "Chess.com INT"]
[Date "2025.05.06"]
[Round "7"]
[White "Laddha, Shubh Jayesh"]
[Black "Yoo, Christopher Woojin"]
[Result "0-1"]
[WhiteElo "2303"]
[BlackElo "2588"]
[PlyCount "140"]
[EventDate "2025.05.06"]
[EventType "swiss (blitz)"]
[EventRounds "11"]
[EventCountry "USA"]
[SourceTitle "CB20_2025"]
[SourceDate "2025.05.14"]
[SourceVersion "1"]
[SourceVersionDate "2025.05.14"]
[SourceQuality "1"]

1. e4 c6 2. d4 d5 3. e5 Bf5 4. h4 h5 5. Bd3 Bxd3 6. Qxd3 Qa5+ 7. Nd2 e6 8. Ngf3 Nh6 9. 0-0 Nf5 10. Nb3 Qa6 11. Qd1 b6 12. Bg5 c5 13. dxc5 bxc5 14. Nbd2 Nc6 15. c4 Be7 16. Re1 Rd8 17. cxd5 Rxd5 18. Qc2 Nb4 19. Qe4 Qd3 20. Bxe7 Kxe7 21. Rac1 Qxe4 22. Rxe4 Rhd8 23. a3 Nd3 24. Rc2 Nd4 25. Nxd4 Rxd4 26. Rxd4 Rxd4 27. Nf3 Rd5 28. Kf1 Nxe5 29. Nxe5 Rxe5 30. b4 cxb4 31. axb4 Rd5 32. Rc7+ Rd7 33. Rc5 g6 34. g3 Rb7 35. Ra5 Kd6 36. Ke2 e5 37. Kd3 Rxb4 38. Rxa7 Ke6 39. Ke3 Rb3+ 40. Ke2 Rb2+ 41. Ke3 f6 42. Kf3 Kf5 43. Ra5 Rb3+ 44. Kg2 Rd3 45. Ra6 e4 46. Rc6 Rd2 47. Kg1 Ke5 48. Ra6 Rd6 49. Ra5+ Kd4 50. Ra4+ Kd3 51. Kg2 Rc6 52. Ra3+ Kd2 53. Ra2+ Rc2 54. Ra6 Ke1 55. Ra1+ Ke2 56. Ra6 f5 57. Rxg6 Ke1 58. Rg5 Rxf2+ 59. Kg1 e3 60. Rxh5 e2 61. Rh8 Kd2 62. Rd8+ Ke3 63. Re8+ Kf3 64. h5 Rf1+ 65. Kh2 e1Q 66. Rxe1 Rxe1 67. h6 Re6 68. g4 Rxh6+ 69. Kg1 fxg4 70. Kf1 Rh1# 0-1

[Event "Titled Tuesday intern op 06th May Early"]
[Site "Chess.com INT"]
[Date "2025.05.06"]
[Round "4"]
[White "Martinez Reyes, Pedro Ramon"]
[Black "Yoo, Christopher Woojin"]
[Result "0-1"]
[WhiteElo "2361"]
[BlackElo "2588"]
[PlyCount "86"]
[EventDate "2025.05.06"]
[EventType "swiss (blitz)"]
[EventRounds "11"]
[EventCountry "USA"]
[SourceTitle "CB20_2025"]
[SourceDate "2025.05.14"]
[SourceVersion "1"]
[SourceVersionDate "2025.05.14"]
[SourceQuality "1"]

1. e4 c6 2. d3 d5 3. Nf3 g6 4. e5 c5 5. d4 Nc6 6. Bb5 Qa5+ 7. Nc3 Bg4 8. dxc5 a6 9. Bxc6+ bxc6 10. Qd4 Bxf3 11. b4 Qc7 12. gxf3 Bg7 13. f4 f6 14. e6 Nh6 15. Bd2 0-0 16. 0-0 f5 17. Qd3 Ng4 18. Rae1 Nf6 19. f3 Nh5 20. Ne2 Bh6 21. Qd4 Rf6 22. Qe5 Qc8 23. Nd4 Bg7 24. c3 Rf8 25. Qe2 Qc7 26. Qe3 a5 27. a3 axb4 28. axb4 Ra2 29. Ra1 Rfa8 30. Nb3 Bh6 31. Rxa2 Rxa2 32. Ra1 Bxf4 33. Qe2 Rxa1+ 34. Nxa1 Qa7 35. Nb3 Qa2 36. Qd1 Bxd2 37. Nxd2 Nf4 38. Qe1 Qc2 39. Kh1 Qxc3 40. b5 cxb5 41. c6 Qxc6 42. Qe5 Qc1+ 43. Nf1 Qxf1# 0-1

[Event "Titled Tuesday intern op 06th May Early"]
[Site "Chess.com INT"]
[Date "2025.05.06"]
[Round "6"]
[White "Yoo, Christopher Woojin"]
[Black "Piliposyan, Robert"]
[Result "1-0"]
[WhiteElo "2588"]
[BlackElo "2416"]
[PlyCount "105"]
[EventDate "2025.05.06"]
[EventType "swiss (blitz)"]
[EventRounds "11"]
[EventCountry "USA"]
[SourceTitle "CB20_2025"]
[SourceDate "2025.05.14"]
[SourceVersion "1"]
[SourceVersionDate "2025.05.14"]
[SourceQuality "1"]

1. e4 e5 2. Nf3 Nc6 3. Bc4 Nf6 4. d3 Bc5 5. Bg5 h6 6. Bh4 d6 7. c3 a5 8. Nbd2 g5 9. Bg3 Ba7 10. Bb5 Bd7 11. Nc4 Ne7 12. Qb3 a4 13. Bxd7+ Qxd7 14. Qc2 0-0 15. h4 g4 16. Nh2 Nh5 17. Qe2 Nxg3 18. fxg3 h5 19. Qd2 f6 20. Qh6 Qe8 21. Rf1 Qg6 22. Qxg6+ Nxg6 23. Rf5 b5 24. Nd2 Bg1 25. Ndf1 a3 26. b3 d5 27. Rxh5 dxe4 28. dxe4 b4 29. cxb4 Rad8 30. Nxg4 Rd4 31. Nh6+ Kg7 32. Nf5+ Kf7 33. Rh7+ Kg8 34. Rg7+ Kh8 35. Rxg6 Rxe4+ 36. Kd1 Rd8+ 37. Nd2 Be3 38. Nxe3 Rxe3 39. Kc2 Rdd3 40. Ne4 Rd4 41. Nc3 Rdd3 42. Nd1 Rxg3 43. h5 e4 44. Nf2 Rc3+ 45. Kd1 Rge3 46. Kd2 f5 47. Rf1 Rg3 48. Rxg3 Rxg3 49. Nd1 Rxg2+ 50. Rf2 Rg5 51. Ne3 Rxh5 52. Nxf5 Rh1 53. Ke3 1-0

[Event "Sardinia World op-A"]
[Site "Orosei"]
[Date "2025.04.27"]
[Round "1"]
[White "Yoo, Christopher Woojin"]
[Black "Gagliardi, Christian"]
[Result "1-0"]
[WhiteElo "2588"]
[BlackElo "2165"]
[PlyCount "97"]
[EventDate "2025.04.27"]
[EventType "swiss"]
[EventRounds "9"]
[EventCountry "ITA"]
[SourceTitle "CB19_2025"]
[SourceDate "2025.05.07"]
[SourceVersion "1"]
[SourceVersionDate "2025.05.07"]
[SourceQuality "1"]

1. e4 d5 2. exd5 Qxd5 3. Nc3 Qa5 4. d4 Nf6 5. Nf3 Bf5 6. Ne5 c6 7. Bc4 e6 8. g4 Bg6 9. h4 Nbd7 10. Nxd7 Nxd7 11. h5 Be4 12. 0-0 Bd5 13. Nxd5 cxd5 14. Bd3 Bd6 15. Qf3 Qd8 16. g5 h6 17. Re1 Qe7 18. Qg4 0-0-0 19. g6 f5 20. Qh3 Qf6 21. Bd2 Kb8 22. Re2 Rhe8 23. Rae1 Re7 24. c3 Rde8 25. f3 a6 26. Be3 Ka8 27. Bf2 Bf4 28. Bh4 Bg5 29. Bg3 f4 30. Bf2 Nb8 31. b4 Nd7 32. a4 Nb6 33. a5 Nc8 34. b5 Ka7 35. bxa6 bxa6 36. Rb1 Rb7 37. Rxb7+ Kxb7 38. Rb2+ Ka7 39. Bxa6 Nd6 40. Rb6 Qe7 41. Bd3 Rb8 42. Ra6+ Kb7 43. Qf1 Kc8 44. Qe2 Rb7 45. Ra8+ Kd7 46. a6 Rc7 47. Bb5+ Nxb5 48. Qxb5+ Kd6 49. Rb8 1-0

[Event "Titled Tuesday intern op 01st Apr Early"]
[Site "Chess.com INT"]
[Date "2025.04.01"]
[Round "11"]
[White "Aradhya, Garg"]
[Black "Yoo, Christopher Woojin"]
[Result "1/2-1/2"]
[WhiteElo "2359"]
[BlackElo "2588"]
[PlyCount "193"]
[EventDate "2025.04.01"]
[EventType "swiss (blitz)"]
[EventRounds "11"]
[EventCountry "USA"]
[SourceTitle "CB15_2025"]
[SourceDate "2025.04.09"]
[SourceVersion "1"]
[SourceVersionDate "2025.04.09"]
[SourceQuality "1"]

1. d4 Nf6 2. c4 e6 3. Nf3 b6 4. Nc3 Bb7 5. a3 d5 6. cxd5 Nxd5 7. e3 Nd7 8. Bd3 c5 9. 0-0 Be7 10. Nxd5 Bxd5 11. e4 Bb7 12. d5 exd5 13. exd5 Nf6 14. Bb5+ Kf8 15. Bc6 Bxc6 16. dxc6 Qc7 17. Qa4 Rc8 18. Re1 Qxc6 19. Qxa7 Bd6 20. Qa6 Ra8 21. Qd3 h6 22. b3 Rd8 23. Qc2 Nd5 24. Bb2 Nf4 25. Rad1 Bc7 26. Rxd8+ Bxd8 27. Qf5 Ng6 28. Rd1 Be7 29. h4 Qe6 30. Qxe6 fxe6 31. g3 Kf7 32. h5 Nf8 33. Ne5+ Ke8 34. Nc4 b5 35. Bxg7 Rg8 36. Bxf8 Rxf8 37. Nd6+ Bxd6 38. Rxd6 Ke7 39. Rc6 Rf5 40. g4 Rd5 41. Kg2 Kd7 42. Rb6 c4 43. bxc4 bxc4 44. Rb4 Rc5 45. Rb2 c3 46. Rc2 Kc6 47. Kf3 Kb5 48. Ke2 Ka4 49. Kd1 Kxa3 50. Re2 Rb5 51. Rxe6 Kb2 52. Rc6 Rd5+ 53. Ke2 c2 54. Ke3 c1Q+ 55. Rxc1 Kxc1 56. f4 Kd1 57. Ke4 Ra5 58. f5 Ke2 59. f6 Ra7 60. Kf5 Kf3 61. g5 Ra5+ 62. Kg6 Kg4 63. gxh6 Rg5+ 64. Kh7 Rxh5 65. f7 Rf5 66. Kg6 Rg5+ 67. Kf6 Rf5+ 68. Kg6 Rg5+ 69. Kf6 Rf5+ 70. Ke6 Kg5 71. h7 Rf6+ 72. Ke5 Rxf7 73. h8Q Re7+ 74. Kd6 Rf7 75. Qg8+ Kf6 76. Kd5 Rd7+ 77. Ke4 Re7+ 78. Kf4 Rf7 79. Qd8+ Ke6+ 80. Ke4 Rd7 81. Qc8 Kd6 82. Qc4 Re7+ 83. Kf5 Re5+ 84. Kf6 Rc5 85. Qb4 Kc6 86. Ke6 Rb5 87. Qa4 Kb6 88. Kd6 Rh5 89. Qd4+ Ka6 90. Qd3+ Kb6 91. Qe3+ Ka5 92. Qe1+ Kb6 93. Qe3+ Ka5 94. Qc3+ Kb6 95. Qd4+ Ka5 96. Qd2+ Kb6 97. Qe3+ 1/2-1/2

[Event "Titled Tuesday intern op 01st Apr Late"]
[Site "Chess.com INT"]
[Date "2025.04.01"]
[Round "5"]
[White "Martinovici, Ilie"]
[Black "Yoo, Christopher Woojin"]
[Result "0-1"]
[WhiteElo "2459"]
[BlackElo "2588"]
[PlyCount "136"]
[EventDate "2025.04.01"]
[EventType "swiss (blitz)"]
[EventRounds "11"]
[EventCountry "USA"]
[SourceTitle "CB15_2025"]
[SourceDate "2025.04.09"]
[SourceVersion "1"]
[SourceVersionDate "2025.04.09"]
[SourceQuality "1"]

1. d4 Nf6 2. c4 e6 3. Nf3 d5 4. Nc3 c6 5. e3 Nbd7 6. Qc2 b6 7. Bd3 Bb7 8. 0-0 dxc4 9. Bxc4 c5 10. Ne5 a6 11. Rd1 cxd4 12. exd4 b5 13. Bb3 Bd6 14. Qe2 Qe7 15. Bg5 h6 16. Bh4 g5 17. Bg3 0-0 18. h4 Nb6 19. hxg5 hxg5 20. Bc2 Rac8 21. a3 Nbd5 22. Nxd5 Nxd5 23. Bd3 Nf6 24. f4 gxf4 25. Bh4 Kg7 26. Ng4 f3 27. gxf3 Rh8 28. Bxf6+ Qxf6 29. Nxf6 Kxf6 30. Be4 Rcg8+ 31. Kf2 Rh2+ 32. Ke3 Rxe2+ 33. Kxe2 Bd5 34. Bxd5 exd5 35. Rg1 Re8+ 36. Kd3 Bf4 37. Rae1 Rc8 38. Re2 a5 39. Rg4 Bh6 40. Rh4 Bg5 41. Rh5 Rc1 42. Rg2 Rd1+ 43. Kc2 Rc1+ 44. Kb3 Be3 45. Rxd5 a4+ 46. Kb4 Rf1 47. Kxb5 Rxf3 48. Kxa4 Ke6 49. Re5+ Kd6 50. Re4 Kd5 51. Rh4 f5 52. b4 Bxd4 53. Rd2 f4 54. b5 Kc4 55. Rxd4+ Kxd4 56. Kb4 Rf1 57. a4 Rb1+ 58. Ka5 Ke3 59. Ka6 f3 60. Rh3 Ke4 61. Rxf3 Kxf3 62. b6 Ke4 63. a5 Kd5 64. Kb7 Kc5 65. Kc7 Rh1 66. b7 Rh7+ 67. Kc8 Kc6 68. b8Q Rh8# 0-1

[Event "Titled Tuesday intern op 01st Apr Late"]
[Site "Chess.com INT"]
[Date "2025.04.01"]
[Round "3"]
[White "Yoo, Christopher Woojin"]
[Black "Baradaran Tamadon, Arian"]
[Result "1-0"]
[WhiteElo "2588"]
[BlackElo "2304"]
[PlyCount "63"]
[EventDate "2025.04.01"]
[EventType "swiss (blitz)"]
[EventRounds "11"]
[EventCountry "USA"]
[SourceTitle "CB21_2025"]
[SourceDate "2025.05.21"]
[SourceVersion "1"]
[SourceVersionDate "2025.05.21"]
[SourceQuality "1"]

1. d4 Nf6 2. c4 d6 3. Nc3 Nbd7 4. e4 e5 5. Nf3 c6 6. Be2 Be7 7. 0-0 0-0 8. Re1 Re8 9. Bf1 Qc7 10. h3 a6 11. Be3 b6 12. Rc1 Bb7 13. Qd2 Rad8 14. g4 Qb8 15. Bg2 g6 16. Rcd1 Bf8 17. Bh6 exd4 18. Nxd4 c5 19. Nc2 Bxh6 20. Qxh6 Bc6 21. Qf4 Re6 22. Rd2 b5 23. Ne3 Rde8 24. f3 Nb6 25. Ncd5 Nfd7 26. b3 Bxd5 27. cxd5 R6e7 28. g5 Rc8 29. Ng4 Qc7 30. Nf6+ Nxf6 31. gxf6 Re5 32. Qh6 1-0

[Event "Titled Tuesday intern op 01st Apr Late"]
[Site "Chess.com INT"]
[Date "2025.04.01"]
[Round "11"]
[White "Yoo, Christopher Woojin"]
[Black "Ilinca Ilinca, Felix Antonio"]
[Result "1-0"]
[WhiteElo "2588"]
[BlackElo "2397"]
[PlyCount "157"]
[EventDate "2025.04.01"]
[EventType "swiss (blitz)"]
[EventRounds "11"]
[EventCountry "USA"]
[SourceTitle "CB15_2025"]
[SourceDate "2025.04.09"]
[SourceVersion "1"]
[SourceVersionDate "2025.04.09"]
[SourceQuality "1"]

1. d4 g6 2. e4 Bg7 3. Nf3 d6 4. Bc4 c6 5. Nc3 Nf6 6. e5 dxe5 7. Nxe5 0-0 8. 0-0 Nbd7 9. Bf4 Nh5 10. Nxd7 Bxd7 11. Be3 Nf6 12. h3 Bf5 13. Re1 Nd5 14. Bg5 Bf6 15. Bxf6 Nxf6 16. Qd2 Kg7 17. Rad1 h5 18. Re2 Qd6 19. Qe3 Rad8 20. Bb3 Rfe8 21. Qg5 Nh7 22. Qh4 Qf6 23. Qf4 Qd6 24. Qe3 Nf6 25. d5 cxd5 26. Nxd5 e6 27. Nc3 Qb8 28. Red2 Rxd2 29. Rxd2 a6 30. Qb6 Rc8 31. Rd6 Qc7 32. Qd4 Qe7 33. Qe5 Kg8 34. Rd2 Rc5 35. Qb8+ Kg7 36. f3 Rc7 37. Qa7 Qc5+ 38. Qxc5 Rxc5 39. g4 hxg4 40. hxg4 Nxg4 41. fxg4 Bxg4 42. Rd7 b5 43. Ne4 Re5 44. Nd6 Re1+ 45. Kf2 Re2+ 46. Kg3 Bh5 47. Rxf7+ Kh6 48. Re7 Kg5 49. Rxe6 Rxe6 50. Bxe6 Kf6 51. Bc8 Ke7 52. Ne4 Bd1 53. c3 a5 54. a3 Kd8 55. Ba6 Be2 56. Nd6 Kc7 57. Bxb5 Bd1 58. Nc4 a4 59. Ne3 Bb3 60. Bc4 Kb6 61. Bxb3 axb3 62. Nc4+ Kc5 63. Nd2 Kd6 64. Nxb3 Kd5 65. Nd2 Kc5 66. a4 Kb6 67. b4 Kc6 68. c4 Kb6 69. a5+ Kc6 70. Ne4 Kb7 71. b5 Kc7 72. a6 Kb6 73. c5+ Kxb5 74. a7 Kc6 75. a8Q+ Kb5 76. c6 Kc4 77. c7 g5 78. c8Q+ Kd4 79. Qc3# 1-0

[Event "Titled Tuesday intern op 01st Apr Late"]
[Site "Chess.com INT"]
[Date "2025.04.01"]
[Round "8"]
[White "Yoo, Christopher Woojin"]
[Black "Meskovs, Nikita"]
[Result "1-0"]
[WhiteElo "2588"]
[BlackElo "2539"]
[PlyCount "125"]
[EventDate "2025.04.01"]
[EventType "swiss (blitz)"]
[EventRounds "11"]
[EventCountry "USA"]
[SourceTitle "CB15_2025"]
[SourceDate "2025.04.09"]
[SourceVersion "1"]
[SourceVersionDate "2025.04.09"]
[SourceQuality "1"]

1. e4 e5 2. Nf3 Nc6 3. Bb5 a6 4. Ba4 Nf6 5. d4 exd4 6. 0-0 Be7 7. e5 Ne4 8. Nxd4 Nxd4 9. Qxd4 Nc5 10. Nc3 Nxa4 11. Qxa4 0-0 12. Bf4 d6 13. Rad1 Bd7 14. Qd4 Bc6 15. exd6 cxd6 16. Bxd6 Bxd6 17. Qxd6 Qg5 18. Qg3 Qf5 19. Rd2 Rae8 20. h3 Re6 21. Rfd1 Rg6 22. Nd5 Bxd5 23. Rxd5 Qxc2 24. Qe5 Re6 25. Qd4 h6 26. Rd7 Qc6 27. Qd5 b5 28. Qd3 Rg6 29. Rd5 Re8 30. Qf5 Ree6 31. g3 Re8 32. Qd3 Rge6 33. Kh2 Re2 34. Qf5 Qf6 35. Qxf6 gxf6 36. R1d2 Kg7 37. Kg2 R8e6 38. Kf3 Re1 39. Rd6 Kg6 40. h4 h5 41. Rd8 R6e5 42. Rg8+ Kf5 43. Rh8 Kg6 44. Rdd8 f5 45. Rdg8+ Kf6 46. Rh6+ Ke7 47. Rxa6 Rd5 48. Rb8 Rd3+ 49. Kf4 Rd5 50. Rb7+ Kf8 51. Rf6 Re4+ 52. Kg5 Re7 53. Rxe7 Kxe7 54. Rxf5 Rd2 55. Rxb5 Rxf2 56. Kxh5 Kf6 57. a4 Rg2 58. Kg4 Kg6 59. h5+ Kg7 60. a5 Rh2 61. a6 Rh1 62. Ra5 Ra1 63. Rxa1 1-0

[Event "Titled Tuesday intern op 25th Mar Early"]
[Site "Chess.com INT"]
[Date "2025.03.25"]
[Round "3"]
[White "Perez Gormaz, Matias Ariel"]
[Black "Yoo, Christopher Woojin"]
[Result "0-1"]
[WhiteElo "2394"]
[BlackElo "2588"]
[PlyCount "76"]
[EventDate "2025.03.25"]
[EventType "swiss (blitz)"]
[EventRounds "11"]
[EventCountry "USA"]
[SourceTitle "CB14_2025"]
[SourceDate "2024.11.01"]
[SourceVersion "1"]
[SourceVersionDate "2024.11.01"]
[SourceQuality "1"]

1. e4 c6 2. d4 d5 3. exd5 cxd5 4. Bd3 Nc6 5. c3 e6 6. Bf4 Nge7 7. Nd2 Ng6 8. Bg3 Bd6 9. Ngf3 Nf4 10. Bxf4 Bxf4 11. 0-0 0-0 12. Re1 g6 13. g3 Bh6 14. h4 Bg7 15. Rc1 Qd6 16. a3 Re8 17. Kg2 Bd7 18. h5 Re7 19. hxg6 hxg6 20. Nb3 Rae8 21. Qd2 e5 22. dxe5 Nxe5 23. Nxe5 Rxe5 24. Rxe5 Rxe5 25. Nd4 Rh5 26. Rh1 Rxh1 27. Kxh1 Qe5 28. Kg2 Qh5 29. Qe3 Qh3+ 30. Kg1 Qg4 31. Be2 Qe4 32. Bf3 Qb1+ 33. Kg2 Qxb2 34. Bxd5 Qxa3 35. Qf4 Qf8 36. Qc7 Qc8 37. Qf4 Be8 38. Qd6 a5 0-1

[Event "Titled Tuesday intern op 25th Mar Early"]
[Site "Chess.com INT"]
[Date "2025.03.25"]
[Round "1"]
[White "Salonen, Aku"]
[Black "Yoo, Christopher Woojin"]
[Result "0-1"]
[WhiteElo "2233"]
[BlackElo "2588"]
[PlyCount "66"]
[EventDate "2025.03.25"]
[EventType "swiss (blitz)"]
[EventRounds "11"]
[EventCountry "USA"]
[SourceTitle "CB14_2025"]
[SourceDate "2024.11.01"]
[SourceVersion "1"]
[SourceVersionDate "2024.11.01"]
[SourceQuality "1"]

1. e4 c6 2. d4 d5 3. exd5 cxd5 4. Bd3 Nc6 5. c3 e6 6. Bf4 Nge7 7. Nf3 f6 8. h3 g5 9. Bg3 Nf5 10. Bh2 h5 11. Nbd2 Kf7 12. Qc2 g4 13. Bxf5 exf5 14. Nh4 Qe8+ 15. Kf1 Bh6 16. Re1 Qd7 17. Nb3 b6 18. f4 Ne7 19. Kf2 Ng6 20. Nxg6 Kxg6 21. hxg4 hxg4 22. Bg3 Ba6 23. Re3 Rae8 24. Rhe1 Re4 25. Nd2 Bxf4 26. Nxe4 Bxe3+ 27. Rxe3 fxe4 28. Qd1 Qf5+ 29. Kg1 Qg5 30. Qe1 f5 31. Be5 Rh7 32. Qg3 Qh6 33. Qh2 Qxe3+ 0-1

[Event "Titled Tuesday intern op 11th Mar Early"]
[Site "Chess.com INT"]
[Date "2025.03.11"]
[Round "11"]
[White "Yang, Kaiqi"]
[Black "Yoo, Christopher Woojin"]
[Result "0-1"]
[WhiteElo "2481"]
[BlackElo "2588"]
[PlyCount "80"]
[EventDate "2025.03.11"]
[EventType "swiss (blitz)"]
[EventRounds "11"]
[EventCountry "USA"]
[SourceTitle "CB12_2025"]
[SourceDate "2025.03.19"]
[SourceVersion "1"]
[SourceVersionDate "2025.03.19"]
[SourceQuality "1"]

1. d4 Nf6 2. c4 e6 3. g3 c5 4. d5 exd5 5. cxd5 d6 6. Nc3 g6 7. Bg2 Bg7 8. Nf3 0-0 9. 0-0 a6 10. a4 Re8 11. Nd2 Nbd7 12. h3 Nh5 13. Nc4 Ne5 14. Na3 Bd7 15. a5 Qxa5 16. g4 Nf6 17. f4 Nexg4 18. hxg4 Nxg4 19. Rf3 Bd4+ 20. e3 Nxe3 21. Bxe3 Rxe3 22. Kh2 Qd8 23. Rxe3 Bxe3 24. Kg3 Bxf4+ 25. Kxf4 Qh4+ 26. Ke3 Re8+ 27. Be4 f5 28. Qf3 fxe4 29. Qf4 Qh3+ 30. Kd2 e3+ 31. Kc2 Qf5+ 32. Qxf5 Bxf5+ 33. Kd1 b5 34. Nc2 e2+ 35. Kd2 Bxc2 36. Nxe2 Bb3 37. Rxa6 Bxd5 38. Rxd6 Bc4 39. Nf4 Re4 40. Nd5 Rd4+ 0-1